[Event "HCL-B232"]
[Site "www.playchess.de"]
[Date "2001.03.20"]
[Round "8"]
[White "Yogibear"]
[Black "dakini"]
[WhiteElo "1853"]
[BlackElo "1145"]
[PlyCount "57"]
[Result "1-0"]

1.c4 {Hi, viel Glück beim Spiel, alles läuft jetzt 
glücklicherweise!}  c5 2.g3 g6 {Ich finde es auch 
schön, wieder spielen zu können. Haben wir schon 
bei schachspiel.de miteinander ge}  3.Bg2 {wäre 
möglich, kann mich aber nicht mehr erinnern (zu 
viele Spiele).Bist du da noch?}  Bg7 {Nein, alles 
beendet! Das Handling hier ist sehr gut!}  4.Nc3 
{muß ich dir beipflichten, alles viel 
professioneller!}  Nc6 {Die Tatsache, daß der 
letzte gegnerische Zug hervorgehoben ist, 
unterstreicht das ebenfalls !}  5.Nf3 Nf6 6.O-O 
O-O {Gibt es eigentlich eine Realtimeschachseite, 
auf der man mal eine Partie am Stück spielen kann? 
Viel}  7.Rb1 {http://queen.chessclub.com/sji/index.html 
isz z.B.eine Seite zum Blitzen! Gruß Jürgen}  d6 
{Na da sage ich aber vielen Dank für diese lang 
gesuchte Möglichkeit! Heute aber nicht mehr... 
Thomas}  8.d3 {ja, wenn man da anfängt, will man 
nicht mehr aufhören!}  a6 9.b3 Rb8 10.Bb2 b5 11.e3 
e6 12.d4 {und letzter Zug für heute Nacht..viel 
Spaß weiterhin, bis Samstag! Jürgen}  b4 13.Na4 
Bd7 14.dxc5 Ne4 {Hallo und Guten Morgen!}  15.Bxg7 
{einen wunderschönen Morgen und ein gutes 
Wochenende!}  Kxg7 16.cxd6 Na7 17.Qd4+ Nf6 18.Qxa7 
Bxa4 19.bxa4 Qxd6 20.Rfd1 Qc6 21.Nd4 Qxa4 22.Nxe6+ 
Kg8 23.Nxf8 Rxf8 24.Qe7 Qxa2 25.Qxf6 {jetzt müsste 
ich ein wenig besser stehen...}  a5 26.Bd5 Qc2 
{Ein wenig ...???  Das nächste mal versuche ich 
Dir mehr Widerstand zu leisten. War aber schon 
ganz g}  27.Bxf7+ {da ein matt bevorsteht, bedanke 
ich mich schon einmal für die Partie, bis zum 
nächsten Mal!}  Rxf7 {Hat trotzdem Spaß gemacht! 
Danke! Das Mattbild göne ich Dir gerne!}  28.Rd8+ 
{bis zum nächsten Match und noch viel Erfolg bei 
deinen anderen Partien!}  Rf8 29.Qxf8+ {florisda} 
 1-0

[Event "ACL-A123"]
[Site "www.playchess.de"]
[Date "2001.03.20"]
[Round "17"]
[White "Pupser"]
[Black "enigma_theory"]
[WhiteElo "1902"]
[BlackElo "1500"]
[PlyCount "23"]
[Result "1-0"]

1.e4 c5 2.Nf3 d6 3.d4 Nd7 4.Nc3 Ngf6 5.Bg5 e6 
6.dxc5 dxc5 7.e5 Nxe5 8.Qxd8+ Kxd8 9.Nxe5 Ke8 
10.Bb5+ Bd7 11.Nxd7 Nxd7 12.O-O-O 1-0

[Event "HCL-C228"]
[Site "www.playchess.de"]
[Date "2001.03.20"]
[Round "20"]
[White "dijk"]
[Black "king27"]
[WhiteElo "1000"]
[BlackElo "1000"]
[PlyCount "31"]
[Result "1-0"]

1.e4 Nf6 {hi}  2.Nc3 {Good luck}  d5 {jij ook}  
3.exd5 {bedankt}  Nxd5 {schaak jij veel?}  4.Nxd5 
{nee, ik probeer het weer een beetje op  te 
pakken. Jij?}  Qxd5 {alleen wat via deze site, 
sinds een paar weken}  5.Nf3 {Dit is m'n eerste 
toernooi op deze site. de site ziet er goed uit}  
f5 {Dit is mijn derde toernooi, er zijn hier wel 
erg goede spelers hoor.}  6.Be2 {We zien wel. 
Eerst jou van het bord schuiven :)}  Nc6 {Ik help 
het je hopen, dat de beste mag winnen. ;-)}  7.d3 
{Zo is het. Heb je het trouwens nog een beetje 
goed gedaan met die andere toernooien?}  e6 {Nee, 
niet echt, ik werd 2 keer tweede van onderen.}  
8.Bf4 {Misschien dit keer meer geluk}  e5 {ik hoop 
van wel, uit welke plaats kom je trouwens?}  9.c4 
{Uit het mooie Groningen. Jij?}  Qa5+ {Den 
Helder.}  10.Bd2 Qc5 11.O-O e4 12.dxe4 fxe4 13.Be3 
Qb4 14.Ng5 Bf5 15.Qd5 Rd8 16.Qf7+ 1-0

[Event "HCL-B237"]
[Site "www.playchess.de"]
[Date "2001.03.20"]
[Round "18"]
[White "jefersonmello"]
[Black "Bauernopfer"]
[WhiteElo "1247"]
[BlackElo "1315"]
[PlyCount "50"]
[Result "1/2-1/2"]

1.e4 c5 2.Nf3 Nc6 3.d4 cxd4 4.Nxd4 Nxd4 5.Qxd4 d6 
6.Qa4+ Bd7 7.Bb5 Nf6 8.Bxd7+ Qxd7 9.Qxd7+ Nxd7 
10.c4 g6 11.Bd2 Bg7 12.Bc3 Bxc3+ 13.Nxc3 O-O 
14.O-O Rac8 15.b3 a6 16.Nd5 Rfe8 17.Rac1 e6 18.Ne3 
Nc5 19.f3 Rcd8 20.Rcd1 b6 21.Rf2 Nb7 22.Rfd2 a5 
23.Ng4 Kg7 24.e5 dxe5 25.Nxe5 Rxd2 1/2-1/2

[Event "ACL-A113"]
[Site "www.playchess.de"]
[Date "2001.03.20"]
[Round "16"]
[White "deadeasy"]
[Black "guerino"]
[WhiteElo "1500"]
[BlackElo "1325"]
[PlyCount "31"]
[Result "1-0"]

1.d4 Nf6 2.Nc3 g6 3.e4 d6 4.Be3 Bg7 5.Qd2 O-O 6.f3 
Nc6 7.O-O-O Bd7 8.g4 a6 9.h4 h5 10.Nd5 e6 11.Nxf6+ 
Qxf6 12.gxh5 gxh5 13.Rh2 Kh7 14.e5 dxe5 15.Bd3+ 
Kh8 16.Bg5 1-0

[Event "HCL-B240"]
[Site "www.playchess.de"]
[Date "2001.03.20"]
[Round "16"]
[White "iq160"]
[Black "Translightor"]
[WhiteElo "1508"]
[BlackElo "1486"]
[PlyCount "38"]
[Result "1/2-1/2"]

1.e4 c5 2.Nf3 e6 3.d4 cxd4 4.Nxd4 a6 5.a4 b6 6.f4 
Bb7 7.Bd3 d6 8.O-O Nd7 9.Nc3 Ngf6 10.f5 e5 11.Nb3 
Be7 12.a5 b5 13.Be3 Nc5 14.Qf3 Nxb3 15.cxb3 O-O 
16.Rfd1 Rc8 17.Bb6 Qe8 18.b4 Nd7 19.Be3 
Nf6 1/2-1/2

[Event "HCL-B240"]
[Site "www.playchess.de"]
[Date "2001.03.20"]
[Round "21"]
[White "rafita"]
[Black "iq160"]
[WhiteElo "1418"]
[BlackElo "1508"]
[PlyCount "44"]
[Result "1/2-1/2"]

1.e4 c5 2.Nf3 Nc6 3.d4 cxd4 4.Nxd4 Nf6 5.Nc3 e5 
6.Ndb5 d6 7.Bg5 a6 8.Na3 b5 9.Nd5 Be7 10.Bxf6 Bxf6 
11.c3 O-O 12.Nc2 Rb8 13.h4 Be7 14.Nce3 Be6 15.g3 
Qd7 16.Qf3 Bd8 17.h5 h6 18.Nf5 Bxf5 19.Qxf5 Qxf5 
20.exf5 Ne7 21.Nxe7+ Bxe7 22.Bg2 
Rfc8 1/2-1/2

[Event "ACL-A127"]
[Site "www.playchess.de"]
[Date "2001.03.20"]
[Round "3"]
[White "Alyaspogi"]
[Black "Zynaps"]
[WhiteElo "1273"]
[BlackElo "1500"]
[PlyCount "26"]
[Result "0-1"]

1.e4 c6 2.d4 d5 3.Nd2 dxe4 4.Nxe4 Nd7 5.Nf3 Ngf6 
6.Ng3 e6 7.Bc4 Nb6 8.Bb3 c5 9.a3 Qc7 10.Be3 Bd7 
11.O-O Bb5 12.Re1 Rd8 13.Qc1 Nc4 0-1

[Event "ACL-A127"]
[Site "www.playchess.de"]
[Date "2001.03.20"]
[Round "16"]
[White "Geoffrey16"]
[Black "jalal"]
[WhiteElo "1500"]
[BlackElo "1500"]
[PlyCount "89"]
[Result "1-0"]

1.e4 e6 2.d4 d5 3.Nd2 Nf6 4.e5 Nfd7 5.g3 c5 6.Ndf3 
a6 7.Bg2 Nc6 8.Bg5 Qc7 9.Ne2 b5 10.c3 Nb6 11.O-O 
a5 12.a3 c4 13.Qc2 Be7 14.h3 Ba6 15.Rfb1 h6 
16.Bxe7 Qxe7 17.b3 cxb3 18.Qxb3 a4 19.Qc2 Na5 
20.Rbe1 Nb3 21.Ra2 Nc4 22.Nc1 Nxa3 23.Qd1 Nxc1 
24.Qxc1 Nc4 25.Kh2 O-O 26.g4 Qc7 27.h4 f6 28.g5 
fxe5 29.dxe5 Rxf3 30.Bxf3 Nxe5 31.Kg2 Nd3 32.Qe3 
Nxe1+ 33.Qxe1 Qf7 34.Qe5 Rf8 35.Bg4 Bc8 36.gxh6 
gxh6 37.Re2 Re8 38.Bh5 Qe7 39.Re3 Rd8 40.Rg3+ Kh7 
41.Bg6+ Kg8 42.Bd3+ Kf7 43.Rg7+ {you had a good 
opening i thought you had me, but your b was 
stuck! anyway where are you in usa?}  Ke8 44.Rxe7+ 
Kxe7 45.Qc7+ 1-0

[Event "HCL-B248"]
[Site "www.playchess.de"]
[Date "2001.03.20"]
[Round "5"]
[White "whatsleft2"]
[Black "Harley"]
[WhiteElo "1894"]
[BlackElo "1200"]
[PlyCount "29"]
[Result "1-0"]

1.e4 {goodluck}  Nc6 2.f4 Nf6 {how are you and 
where in the states are you}  3.e5 {i am in south 
texas on the gulf of mexico. where are you from}  
Nd5 {Ottawa, Ontario..east Canada..our time 
difference is two hours}  4.d4 e6 5.Nf3 Bb4+ 6.c3 
Ba5 7.Bd3 Kf8 8.O-O d6 9.Na3 b6 10.Qc2 f6 11.Bd2 
Qe8 12.exf6 Nxf6 13.b4 Bxb4 14.cxb4 Ba6 
15.Bxa6 1-0

[Event "HCL-B106"]
[Site "www.playchess.de"]
[Date "2001.03.20"]
[Round "1"]
[White "nadavies_uk"]
[Black "peze"]
[WhiteElo "1401"]
[BlackElo "1818"]
[PlyCount "30"]
[Result "0-1"]

1.e4 c5 2.Nf3 d6 3.d4 cxd4 4.Nxd4 Nf6 5.Nc3 Nc6 
6.Bb5 Bd7 7.Bg5 e6 8.f4 Be7 9.e5 dxe5 10.Nxc6 bxc6 
11.Ba4 Nd5 12.Bxe7 Qxe7 13.fxe5 Nxc3 14.bxc3 Qh4+ 
15.g3 Qe4+ 0-1

[Event "HCL-B106"]
[Site "www.playchess.de"]
[Date "2001.03.20"]
[Round "2"]
[White "Yogibear"]
[Black "nadavies_uk"]
[WhiteElo "1951"]
[BlackElo "1401"]
[PlyCount "39"]
[Result "1-0"]

1.Nf3 d5 2.c4 e6 3.b3 Nf6 4.Bb2 Be7 5.g4 Nxg4 
6.Rg1 h5 7.Bxg7 Rh7 8.Bb2 Bh4 9.Rg2 Nc6 10.h3 Nf6 
11.Nxh4 e5 12.cxd5 Qxd5 13.Nc3 Qd4 14.Nf3 Qf4 
15.Nb5 e4 16.Ng5 Rg7 17.e3 Qxg5 18.Rxg5 Rxg5 
19.Bxf6 Rf5 20.Nxc7+ 1-0

[Event "HCL-B106"]
[Site "www.playchess.de"]
[Date "2001.03.20"]
[Round "3"]
[White "peze"]
[Black "Yogibear"]
[WhiteElo "1818"]
[BlackElo "1951"]
[PlyCount "35"]
[Result "1-0"]

1.e4 c5 2.Nf3 e6 3.d4 cxd4 4.Nxd4 Nc6 5.Nc3 Qc7 
6.Be2 a6 7.O-O b5 8.Nxc6 dxc6 9.a4 Bb7 10.axb5 
cxb5 11.Nxb5 axb5 12.Bxb5+ Ke7 13.Rxa8 Bxa8 14.Qd3 
Qd6 15.Qe3 Kd8 16.Qa7 Bc6 17.Bxc6 Qxc6 
18.Rd1+ 1-0

[Event "HCL-B106"]
[Site "www.playchess.de"]
[Date "2001.03.20"]
[Round "7"]
[White "paule"]
[Black "nadavies_uk"]
[WhiteElo "1814"]
[BlackElo "1401"]
[PlyCount "51"]
[Result "1-0"]

1.e4 e6 2.d4 d5 3.Nd2 c5 4.Ngf3 cxd4 5.Nxd4 Nf6 
6.e5 Nfd7 7.N2f3 Nc6 8.Bb5 Nxd4 9.Nxd4 Bc5 10.Nb3 
b6 11.Qg4 g6 12.Bg5 Qc7 13.O-O-O O-O 14.f4 h5 
15.Qh4 f6 16.exf6 Be3+ 17.Kb1 e5 18.fxe5 Qxe5 
19.Bxe3 Nxf6 20.Bc6 Ng4 21.Bd4 Qe2 22.Bxd5+ Kh7 
23.Rde1 Qb5 24.Qe7+ Kh6 25.Qxf8+ Kg5 
26.h4+ 1-0

[Event "HCL-B106"]
[Site "www.playchess.de"]
[Date "2001.03.20"]
[Round "8"]
[White "peze"]
[Black "paule"]
[WhiteElo "1818"]
[BlackElo "1814"]
[PlyCount "60"]
[Result "1/2-1/2"]

1.c4 e5 2.Nc3 f5 3.d4 exd4 4.Qxd4 Nf6 5.Bg5 Be7 
6.Nf3 O-O 7.e3 Nc6 8.Qf4 h6 9.Bxf6 Bxf6 10.Nd5 d6 
11.O-O-O Be6 12.c5 Rc8 13.Kb1 Rf7 14.Bb5 dxc5 
15.Bxc6 bxc6 16.Nxf6+ Qxf6 17.Rd2 Bd5 18.Rhd1 Rd7 
19.Kc1 Rb8 20.Qe5 Rd6 21.Qxf6 Rxf6 22.b3 f4 23.Ne5 
fxe3 24.fxe3 Re6 25.Nd7 Rbe8 26.Nxc5 R6xe3 27.Kb2 
R3e2 28.g3 Kh7 29.Rc2 g5 30.Rdd2 
Rxd2 1/2-1/2

[Event "HCL-B106"]
[Site "www.playchess.de"]
[Date "2001.03.20"]
[Round "13"]
[White "Yogibear"]
[Black "Hubble"]
[WhiteElo "1951"]
[BlackElo "1659"]
[PlyCount "23"]
[Result "1-0"]

1.Nf3 Nf6 2.g3 b6 3.Bg2 Bb7 4.O-O c5 5.c4 e6 6.Nc3 
Be7 7.d4 cxd4 8.Qxd4 Bc5 9.Qd3 O-O 10.Bg5 h6 
11.Bxf6 Qxf6 12.Ng5 1-0

[Event "HCL-B106"]
[Site "www.playchess.de"]
[Date "2001.03.20"]
[Round "29"]
[White "BOB"]
[Black "nadavies_uk"]
[WhiteElo "1500"]
[BlackElo "1401"]
[PlyCount "39"]
[Result "1-0"]

1.d4 f5 2.c4 Nf6 3.Nf3 e6 4.Nc3 Bb4 5.Bd2 d5 
6.cxd5 Nxd5 7.Nxd5 Bxd2+ 8.Qxd2 Qxd5 9.e3 O-O 
10.Be2 b6 11.O-O Nc6 12.Rac1 Bb7 13.a3 Na5 14.Rxc7 
Rf6 15.b4 Nb3 16.Qc3 g5 17.Bc4 Qe4 18.d5 Bxd5 
19.Qxf6 g4 20.Qg7+ 1-0

[Event "ACL-A037"]
[Site "www.playchess.de"]
[Date "2001.03.20"]
[Round "2"]
[White "Gruhni"]
[Black "MarkusSSG"]
[WhiteElo "1394"]
[BlackElo "1768"]
[PlyCount "58"]
[Result "0-1"]

1.e4 c5 2.Bc4 e6 3.Nf3 d6 4.Nc3 a6 5.a3 Nc6 6.d3 
Nf6 7.Bg5 b5 8.Ba2 Be7 9.O-O O-O 10.Re1 Bb7 11.b4 
cxb4 12.axb4 Nxb4 13.Rb1 Nxa2 14.Nxa2 Qc7 15.Rc1 
h6 16.Bh4 g5 17.Bg3 Qa5 18.Ra1 Rfc8 19.Qb1 Nh5 
20.Qb4 Qxb4 21.Nxb4 Nxg3 22.hxg3 a5 23.Na2 Rxc2 
24.Rec1 Rac8 25.Rxc2 Rxc2 26.Nc1 a4 27.Nd4 Rb2 
28.Kf1 Bf6 29.Nce2 Rxe2 0-1

[Event "ACL-A037"]
[Site "www.playchess.de"]
[Date "2001.03.20"]
[Round "9"]
[White "Gearloose"]
[Black "Gruhni"]
[WhiteElo "1885"]
[BlackElo "1394"]
[PlyCount "35"]
[Result "1-0"]

1.e4 e5 2.Nf3 Nc6 3.d4 d6 4.Bc4 Bg4 5.c3 Nf6 6.O-O 
d5 7.exd5 Nxd5 8.dxe5 Bxf3 9.Qxf3 Nce7 10.Rd1 c6 
11.Bb3 Qc7 12.c4 Nb6 13.Bf4 Ng6 14.Bg3 Rd8 15.Nc3 
Bb4 16.e6 Qe7 17.exf7+ Qxf7 18.Rxd8+ 1-0

[Event "ACL-A037"]
[Site "www.playchess.de"]
[Date "2001.03.20"]
[Round "10"]
[White "muggel"]
[Black "Gearloose"]
[WhiteElo "1833"]
[BlackElo "1885"]
[PlyCount "40"]
[Result "0-1"]

1.e4 d6 2.d4 Nf6 3.Nc3 Nbd7 4.f4 e5 5.Nf3 exd4 
6.Qxd4 c5 7.Qd3 Nb6 8.Be3 Be7 9.O-O-O Ng4 10.Nd5 
Nxd5 11.Qxd5 Nxe3 12.Qb3 Nxd1 13.Bc4 O-O 14.Rxd1 
Qb6 15.Qe3 Be6 16.Bxe6 fxe6 17.f5 exf5 18.exf5 
Rae8 19.Qe6+ Kh8 20.Qd5 Bf6 0-1

[Event "ACL-A037"]
[Site "www.playchess.de"]
[Date "2001.03.20"]
[Round "18"]
[White "Pietros"]
[Black "Gruhni"]
[WhiteElo "1245"]
[BlackElo "1394"]
[PlyCount "57"]
[Result "1-0"]

1.e4 e5 2.Bc4 Bc5 3.Nf3 Nc6 4.d3 d6 5.O-O Bg4 6.h3 
Bh5 7.c3 h6 8.Nbd2 Nf6 9.b4 Bb6 10.a4 a6 11.a5 Ba7 
12.Qa4 O-O 13.Bxa6 Bxf2+ 14.Rxf2 Rxa6 15.Nb3 Ra8 
16.b5 Ne7 17.c4 c5 18.Bd2 b6 19.a6 Ra7 20.Qa3 Ne8 
21.Raf1 Nc7 22.Qc1 Ne6 23.Bxh6 gxh6 24.Qxh6 Nf4 
25.Ng5 Bg6 26.g3 Nh5 27.Ne6 Qe8 28.g4 Ng3 
29.Qg7+ 1-0

[Event "ACL-A037"]
[Site "www.playchess.de"]
[Date "2001.03.20"]
[Round "19"]
[White "muggel"]
[Black "Pietros"]
[WhiteElo "1833"]
[BlackElo "1245"]
[PlyCount "38"]
[Result "0-1"]

1.e4 e5 2.Nc3 Nf6 3.f4 d5 4.fxe5 Nxe4 5.Nf3 Bg4 
6.Be2 Bxf3 7.Bxf3 Bc5 8.Nxe4 dxe4 9.Be2 Qd4 10.Rf1 
Qxe5 11.Bc4 O-O 12.Qg4 Nc6 13.Rf5 Qxh2 14.Rxc5 
Qg1+ 15.Bf1 Qxc5 16.Kd1 Rfe8 17.d3 exd3 18.Bxd3 
Qg1+ 19.Kd2 Qe1+ 0-1

[Event "ACL-A037"]
[Site "www.playchess.de"]
[Date "2001.03.20"]
[Round "22"]
[White "MarkusSSG"]
[Black "antaios"]
[WhiteElo "1768"]
[BlackElo "1500"]
[PlyCount "47"]
[Result "1-0"]

1.d4 d5 2.Bf4 f5 3.e3 e6 4.Nd2 a6 5.Ngf3 Nc6 6.c3 
Bd7 7.Bd3 h6 8.h4 Be7 9.Ne5 Nxe5 10.Bxe5 Bf6 
11.Qh5+ Kf8 12.O-O-O Be8 13.Qf3 Ne7 14.Bxf6 gxf6 
15.g4 Bg6 16.h5 Bh7 17.Qf4 Ng8 18.gxf5 e5 19.dxe5 
fxe5 20.Qxe5 Nf6 21.Qf4 Ke7 22.e4 d4 23.Qe5+ Kd7 
24.Qe6+ 1-0

[Event "ACL-A037"]
[Site "www.playchess.de"]
[Date "2001.03.20"]
[Round "24"]
[White "Gruhni"]
[Black "antaios"]
[WhiteElo "1394"]
[BlackElo "1500"]
[PlyCount "59"]
[Result "1-0"]

1.e4 e5 2.Bc4 c5 3.Nf3 Qf6 4.d3 Qc6 5.Nxe5 Qf6 
6.Nxf7 g6 7.Nxh8 Qxh8 8.Qf3 Be7 9.Qf7+ Kd8 
10.Qxg8+ Qxg8 11.Bxg8 Nc6 12.Bxh7 d6 13.Bxg6 Bd7 
14.Be3 Kc7 15.Nc3 Rg8 16.Nd5+ Kb8 17.Nf4 Nb4 
18.Kd2 Bg5 19.Bf7 Rf8 20.Be6 Bxe6 21.Nxe6 Bxe3+ 
22.Kxe3 Nxc2+ 23.Ke2 Rf6 24.Rac1 Nb4 25.a3 Nc6 
26.Ng5 Nd4+ 27.Ke3 b6 28.Nf3 Ne6 29.b4 Kc7 
30.d4 1-0

[Event "ACL-A037"]
[Site "www.playchess.de"]
[Date "2001.03.20"]
[Round "28"]
[White "Pietros"]
[Black "antaios"]
[WhiteElo "1245"]
[BlackElo "1500"]
[PlyCount "95"]
[Result "1-0"]

1.e4 e5 2.Bc4 Qf6 3.Qf3 Bc5 4.Qxf6 Nxf6 5.d3 Bb4+ 
6.c3 Bc5 7.Nf3 O-O 8.Nxe5 Nc6 9.Nxc6 dxc6 10.d4 
Be7 11.e5 Nd5 12.O-O Be6 13.Bxd5 cxd5 14.Nd2 c5 
15.Nf3 h6 16.Be3 b6 17.b4 c4 18.Nd2 f5 19.f4 g6 
20.Rf3 Rf7 21.h4 Rg7 22.Bf2 a5 23.bxa5 Rxa5 24.Nb1 
g5 25.hxg5 hxg5 26.fxg5 Bxg5 27.Be3 Bxe3+ 28.Rxe3 
f4 29.Rf3 Rg4 30.Nd2 Ra3 31.Nb1 Ra7 32.Rf2 b5 
33.a3 Bf5 34.Nd2 b4 35.cxb4 c3 36.Nf3 c2 37.Ne1 
Rc7 38.Rc1 Rc3 39.a4 Be4 40.a5 f3 41.Nxf3 Bxf3 
42.Rcxc2 Rc4 43.Rxc4 dxc4 44.Rxf3 Rxd4 45.a6 c3 
46.Rxc3 Rxb4 47.a7 Ra4 48.Rc8+ 1-0

[Event "ACL-A037"]
[Site "www.playchess.de"]
[Date "2001.03.20"]
[Round "32"]
[White "muggel"]
[Black "Spade"]
[WhiteElo "1833"]
[BlackElo "1500"]
[PlyCount "22"]
[Result "0-1"]

1.e4 d5 2.exd5 Nf6 3.c4 e6 4.dxe6 Bxe6 5.d4 Bb4+ 
6.Nc3 Ne4 7.Qa4+ Nc6 8.Qc2 Bf5 9.Bd3 Nxc3 10.bxc3 
Qxd4 11.Qe2+ Kf8 0-1

[Event "ACL-A037"]
[Site "www.playchess.de"]
[Date "2001.03.20"]
[Round "33"]
[White "Spade"]
[Black "Gearloose"]
[WhiteElo "1500"]
[BlackElo "1885"]
[PlyCount "29"]
[Result "1-0"]

1.e4 e6 2.d4 d5 3.Nd2 f5 4.e5 c5 5.Ngf3 Nc6 6.c3 
cxd4 7.cxd4 Bb4 8.a3 Qa5 9.Be2 Nge7 10.O-O Bxd2 
11.Bxd2 Qb6 12.Bc3 Bd7 13.b4 Rc8 14.Qd2 O-O 
15.b5 1-0

[Event "HCL-A054"]
[Site "www.playchess.de"]
[Date "2001.03.21"]
[Round "24"]
[White "teenspirit"]
[Black "Mathemagician"]
[WhiteElo "1768"]
[BlackElo "1586"]
[PlyCount "46"]
[Result "0-1"]

1.d4 Nf6 2.Nf3 e6 3.c4 Bb4+ 4.Bd2 Bxd2+ 5.Qxd2 d5 
6.Nc3 O-O 7.e3 Nbd7 8.Rc1 Ne4 9.Qc2 Nxc3 10.Qxc3 
c6 11.Bd3 dxc4 12.Bxc4 Nb6 13.Be2 {Hey, u gonna 
analyse our other game? seems interesting, maybe a 
little bit boring dont know :)}  Qd5 14.O-O Qxa2 
15.Rca1 Qd5 16.Ra5 Qd6 17.e4 f5 18.e5 Qd8 19.Nd2 
Nd5 20.Qa3 Nf4 21.Bf3 Qxd4 22.Rd1 Nd3 23.Qe7 
Nxf2 0-1

[Event "HCL-A067"]
[Site "www.playchess.de"]
[Date "2001.03.21"]
[Round "5"]
[White "Tassiac"]
[Black "Bordiga"]
[WhiteElo "1560"]
[BlackElo "1900"]
[PlyCount "66"]
[Result "0-1"]

1.d4 Nf6 2.Nf3 g6 3.c3 Bg7 4.h3 O-O 5.Nbd2 d5 6.e3 
Nbd7 7.Be2 c5 8.O-O b6 9.Re1 Bb7 10.Bd3 Ne4 
11.Bxe4 dxe4 12.Nh2 e5 13.Nb3 Qc7 14.dxc5 Nxc5 
15.Nxc5 Rfd8 16.Qe2 Qxc5 17.Rd1 Rxd1+ 18.Qxd1 Qc7 
19.Qc2 Qc4 20.b3 Qd3 21.Qxd3 exd3 22.Bd2 f5 23.Rc1 
e4 24.c4 Rd8 25.c5 Bb2 26.Rb1 Ba3 27.cxb6 axb6 
28.Nf1 Rc8 29.Be1 Rc2 30.Ra1 Bd5 31.Bd2 Kf7 32.g4 
fxg4 33.hxg4 Be6 0-1

[Event "HCL-B116"]
[Site "www.playchess.de"]
[Date "2001.03.21"]
[Round "10"]
[White "Bauernopfer"]
[Black "Federviech"]
[WhiteElo "1262"]
[BlackElo "964"]
[PlyCount "99"]
[Result "1-0"]

1.e4 Nf6 2.Nc3 d5 3.exd5 Nxd5 4.Nxd5 Qxd5 5.Qf3 
Qe6+ 6.Ne2 Nc6 7.Qe3 g6 8.c3 Qc4 9.Nd4 Qa4 10.Bb5 
Qa5 11.Bxc6+ bxc6 12.Nxc6 Qh5 13.f3 e6 14.d4 Bd6 
15.h3 Ba6 16.Qg5 O-O 17.Qxh5 gxh5 18.Bh6 Bg3+ 
19.Kd2 Rfe8 20.Nb4 Bb7 21.Nd3 Rec8 22.Ke3 Rcd8 
23.Rad1 Rd5 24.Nc5 Bc6 25.Ne4 Bh4 26.Bf4 Rb8 27.b3 
Ra5 28.Bxc7 Rxa2 29.Bxb8 f5 30.Rd2 Ra5 31.Nc5 Bg5+ 
32.Bf4 h6 33.Nxe6 h4 34.Nxg5 hxg5 35.Bxg5 Bd5 
36.Bxh4 Bxb3 37.Rb1 Bc4 38.g4 {Hallo Federviech. 
Schön, daß du wieder dabei bist.}  fxg4 {Danke 
schön. Ich hätte den Wiederstart fast verpasst. 
Habe leider drei Spiele verloren.}  39.hxg4 {Ja, 
man hätte die Spieler per Email informieren 
sollen. So bekommst du jetzt eine Strafe.}  Ra6 
{Stimmt, ich darf bis 15. März nicht an einem 
neuen Turnier teilnehmen.}  40.f4 {Tja, mußt du 
halt warten.}  Re6+ 41.Kf2 Re4 42.Bg5 {Könntest du 
vielleicht etwas schneller spielen, damit wir hier 
mal zum Ende kommen?}  Be6 43.Re2 Bd5 44.Rxe4 Bxe4 
45.Ra1 Kg7 46.Rxa7+ {.}  Kf8 47.c4 Bc6 48.d5 Be8 
49.c5 {Jetzt gehts ja wieder.}  Bb5 50.c6 {.} 
 1-0

[Event "ACL-A069"]
[Site "www.playchess.de"]
[Date "2001.03.21"]
[Round "5"]
[White "robert66"]
[Black "dzwonek"]
[WhiteElo "1500"]
[BlackElo "1632"]
[PlyCount "50"]
[Result "0-1"]

1.d4 f5 2.c4 Nf6 3.Nf3 g6 4.Nc3 Bg7 5.e3 d6 6.Bd3 
O-O 7.O-O Nc6 8.a3 e5 9.d5 Ne7 10.e4 c6 11.exf5 
cxd5 12.fxg6 e4 13.gxh7+ Kh8 14.Bxe4 dxe4 15.Ng5 
Bf5 16.Bf4 d5 17.cxd5 Nexd5 18.Nxd5 Nxd5 19.Be3 
Nxe3 20.fxe3 Qxg5 21.Qe2 Kxh7 22.Rac1 Bg4 23.Qc4 
Qxe3+ 24.Kh1 Rac8 25.Qb5 Rxc1 0-1

[Event "ACL-A073"]
[Site "www.playchess.de"]
[Date "2001.03.21"]
[Round "15"]
[White "Kevin"]
[Black "Dio"]
[WhiteElo "1500"]
[BlackElo "1500"]
[PlyCount "60"]
[Result "0-1"]

1.e4 e6 2.d4 d5 3.Nc3 dxe4 4.Nxe4 Nd7 5.Nf3 Be7 
6.c3 Ngf6 7.Bd3 O-O 8.O-O c5 9.Bf4 Nxe4 10.Bxe4 
Nf6 11.Qd2 Nxe4 12.Qd3 Nf6 13.Rfe1 b6 14.Rad1 Bb7 
15.Re3 Ng4 16.Re2 Nf6 17.c4 cxd4 18.Qxd4 Qxd4 
19.Rxd4 Bxf3 20.gxf3 Rfd8 21.Red2 Nh5 22.Be3 Rxd4 
23.Rxd4 Rd8 24.Rxd8+ Bxd8 25.b4 a5 26.c5 bxc5 
27.bxc5 Nf6 28.c6 Bc7 29.a4 Nd5 30.Bc5 
Nc3 0-1

[Event "HCL-B144"]
[Site "www.playchess.de"]
[Date "2001.03.21"]
[Round "20"]
[White "jack-up"]
[Black "chrisg"]
[WhiteElo "1559"]
[BlackElo "1459"]
[PlyCount "58"]
[Result "0-1"]

1.e4 c6 2.Nf3 d5 {Hi, nice to meet you!}  3.Nc3 
Bg4 4.h3 {hello from venice}  Bh5 {I'm from 
Frankfurt (Germany)! Do you know this city?}  
5.exd5 {Frankfurt above Oder or the other one?}  
cxd5 {the other one! Frankfurt/Main (big 
airport)!}  6.d4 {should be the busiest european 
airport, it is?}  Nc6 {Yes, it is?}  7.Bf4 {Is it 
cold in frankfurt?}  e6 {today we have about 0 
degrees, but it is a sunny day!}  8.Nb5 {mmmhhh 
too cold for my standard}  Rc8 {for me too, but in 
the "northern" Part it is much colder and we 
cannot change it!}  9.g4 {yes yes you are right 
but we can compensate this spending holidays in 
tropical country, you like?}  Bg6 {You're right, 
me and my family like to be in warmer regions! You 
too or is it warm enough in italy?}  10.Ne5 
{Venice iscold and foggy i would prefer a beach 
with palm and a rhum & cola what you think about}  
Nxe5 {i prefer the same, specially the rhum & coke 
;-))) have a nice evenening!}  11.dxe5 {prosit}  
Rxc2 {have a nice week!}  12.Nd6+ Bxd6 13.Bb5+ 
{you too}  Kf8 14.exd6 Qa5+ 15.Bd2 Qxb5 16.Qe2 
Qxb2 17.O-O Rxd2 18.Qe3 b6 19.Rac1 Rc2 20.Rcb1 Qc3 
21.Qf4 Nf6 22.Qa4 Qxh3 23.Rxb6 axb6 24.Qa8+ 
{voilà}  Ne8 25.d7 f6 26.d8Q {%}  Qxg4+ 
{Congratulation! but now? a very interesting game, 
i think!}  27.Kh2 {Ha ha!Yes it is really 
interesting you are a strong player I pay 
compliments}  Qf4+ {thank you! :-))}  28.Kg1 Rc3 
29.Qab8 {Sorry for the late my friend}  Qg4+ {O, 
that is no problem, because in the moment I 
haven't so much time to move too!} 
 0-1

[Event "ACL-A080"]
[Site "www.playchess.de"]
[Date "2001.03.21"]
[Round "16"]
[White "Smutje"]
[Black "guerino"]
[WhiteElo "1272"]
[BlackElo "1500"]
[PlyCount "82"]
[Result "0-1"]

1.e4 e6 2.Qf3 d5 3.e5 c5 4.Bb5+ Bd7 5.a4 a6 6.Bd3 
Ne7 7.Ra3 Ng6 8.Qh5 c4 9.Be2 Bxa3 10.bxa3 Bxa4 
11.Nc3 Bxc2 12.f4 Nxf4 13.Qg4 Ng6 14.Nf3 Nc6 15.h4 
O-O 16.h5 Ngxe5 17.Qg3 h6 18.Bb2 Nxf3+ 19.gxf3 Nd4 
20.Rg1 Nf5 21.Qe5 Qh4+ 22.Kf1 Qh3+ 23.Ke1 Qh4+ 
24.Kf1 Kh7 25.Nd1 Rfg8 26.Nf2 Qxh5 27.Qc7 b5 
28.Rh1 Ng3+ 29.Kg1 Nxh1 30.Nxh1 Qg5+ 31.Kf2 Qh4+ 
32.Ng3 f6 33.Qc5 Qh2+ 34.Ke3 Qg1+ 35.Kf4 {shit}  
Qxc5 36.Bf1 Qf2 37.Bh3 e5+ 38.Kg4 f5+ 39.Kh4 g5+ 
40.Kh5 Qxf3+ 41.Bg4 Qxg4+ 0-1